1833 1385 1763 1500 1676 1150 1586 1835 1368 1338 1275 1566 1875 1048 1261 1285 1063 1610 1852 1777 1199 1416 1755 1803 1711 1828 1219 1403 1979 1446 1485 1334 1403 1374 1053 1781 1078 1037 1448 1956 1981 1145 1177 1295 1999 1397 1474 1031 1675 1130 1556 1982 1108 1467 1859 1716 1206 1039 1409 1541 1076 1892 1669 1426 1328 1072 1469 1519 1072 1134 1409 1771 1712 2000 1145 1529 1478 1772 1343 1490 1755 1555 1617 1801 1059 1621 1786 1083 1202 1618 1623 1569 1566 1247 1538 1580 1299 1516 1208 BCNSPRNW ULIB Ver.6.0+V

เปลี่ยนเป็นภาษาไทย

Change to English
 แสดงรายละเอียดบรรณานุกรม
  กลับหน้าหลัก

Brief Record : Get Marc (ISO 2709) : E-mail record : QR code < ปิดหน้าต่าง
LEADER : 00000nam 2200000uu 4500
001    13399120061
003     ULIB
008    120828s2550||||th 000 0 tha d
020    ^a9789748467795
090    ^aนว.^bซ510ด 2550
100 0  ^aเซอาร่า
245 00 ^aangerous Prince idol เสียศูนย์นัก รัก Idol ตัวร้าย 2/^cเซอาร่า
250    ^aพิมพ์ครั้งที่ 1
260    ^aกรุงเทพฯ :^bบงกชบุ๊คส์,^c2550
300    ^a266 หน้า
710 1  ^aบงกชบุ๊ค
945    ^p0^l0^i14455
995    ^aกัณชพร
999 ^a ใช้งานได้ทุกระบบ
รายการนี้ยังไม่มีแท็ก
คุณยังไม่ได้ล็อกอิน คุณสามารถมีกิจกรรมร่วมกับเว็บไซต์ได้ แต่ต้องล็อกอินก่อน ::
  ล็อกอิน

รายการสื่อสารสนเทศ

ลำดับที่ ประเภท เลขเรียก/บาร์โค้ด สถานที่ สถานะ
1. นวนิยาย
นวนิยาย
นว. ซ510ด 2550  
  Barcode: 14455
ห้องสมุดวิทยาเขตสวรรค์ประชารักษ์
►นวนิยาย
บนชั้น
  ขอยืม

BibComment


ยังไม่เคยถูกคอมเมนท์

คอมเมนท์ทรัพยากรรายการนี้
  คอมเมนท์: angerous Prince ..


 Copyright 2026. Bcnsprnw @Library